00820nam a2200217 i 4500001000700000003000900007005001700016007000300033008004100036100002900077245011200106260004000218300002200258490002800280600003700308700004800345830003600393852003200429999001900461952012200480136200ES-MaACL20230906195047.0t|070214s1967 sp r ||||1| spa d1 aSabater, Gaspar.910117310aJosé María Quadrado b: el polígrafo balear / cGaspar Sabater ; prólogo de Guillermo Díaz Plaja. aPalma de Mallorca : bCort, c1967. a214 p. ; c19 cm.1 aColección "Almudaina"14aQuadrado, José María.9944751 aDíaz-Plaja, Guillermo,d1909-198491624280 aColección "Almudaina"9219982 aES-MaACLjC-32622 bR.63468 c136200d136200 00104070aATENEOMbATENEOMcDEPO2d2008-01-17eSCl0oC-32622p1141749r2023-02-23 00:00:00w2023-02-23yMONOGRAFIA